| 000 | 01006nam a2200265 a 4500 | ||
|---|---|---|---|
| 001 | 40043 | ||
| 003 | BD-RjUL | ||
| 005 | 20211209053126.0 | ||
| 008 | 160421s1977 bg ||||| |||| 00| 0 ben d | ||
| 020 | _c: Tk. 8.00 | ||
| 035 | _a(BD-RjUL) 40158 | ||
| 040 |
_aBD-RjUL _bben _cBD-RjUL |
||
| 041 | _aben | ||
| 082 |
_223 _a529.3245 _bTAB 1977 |
||
| 100 |
_aতালিব, মুহম্মদ আবূ _9117962 |
||
| 245 | 1 | 0 |
_aবাংলা সনের জন্মকথা / _cমুহম্মদ আবূ তালিব |
| 260 |
_aঢাকা : _bবাংলা একাডেমী, _c১৯৭৭ |
||
| 300 |
_a৩, [ছয়], ৮২ পৃ. ; _c২১ সেমি. |
||
| 490 |
_aবাএ ; _v৮৩৬ |
||
| 504 | _aনামপঞ্জি সংযুক্ত | ||
| 650 |
_aবর্ষপঞ্জি _xবাংলাদেশ-ইতিহাস _9123326 |
||
| 650 |
_aCalender _xBangladesh-History _9123327 |
||
| 830 |
_aবাএ ; _v৮৩৬ _9224445 |
||
| 942 |
_2ddc _cBK |
||
| 999 |
_c40043 _d40043 |
||